<?xml version="1.0" encoding="UTF-8"?>
<collection xmlns="http://www.loc.gov/MARC21/slim">
 <record>
  <leader>01118nam a2200325   4500</leader>
  <controlfield tag="001">DLU110125439</controlfield>
  <controlfield tag="005">##20110921</controlfield>
  <datafield tag="040" ind1="#" ind2="#">
   <subfield code="a">DLU</subfield>
   <subfield code="b">vie</subfield>
  </datafield>
  <datafield tag="041" ind1="#" ind2="#">
   <subfield code="a">vie</subfield>
  </datafield>
  <datafield tag="044" ind1="#" ind2="#">
   <subfield code="a">vn</subfield>
  </datafield>
  <datafield tag="082" ind1="#" ind2="#">
   <subfield code="a">551.460 959 7</subfield>
   <subfield code="b">Dia</subfield>
  </datafield>
  <datafield tag="245" ind1="#" ind2="#">
   <subfield code="a">Địa chất biển Việt Nam và phát triển bền vững :</subfield>
   <subfield code="b">Tuyển tập báo cáo khoa học hội nghị khoa học địa chất biển toàn quốc lần thứ nhất =</subfield>
   <subfield code="b">Proceedings first national scientific symposium on marine geology /</subfield>
   <subfield code="c">Viện Địa chất và Địa vật lý biển.</subfield>
  </datafield>
  <datafield tag="246" ind1="#" ind2="#">
   <subfield code="a">Proceedings first national scientific symposium on marine geology.</subfield>
  </datafield>
  <datafield tag="260" ind1="#" ind2="#">
   <subfield code="a">H. :</subfield>
   <subfield code="b">Khoa học Tự nhiên và Công nghệ,</subfield>
   <subfield code="c">2008.</subfield>
  </datafield>
  <datafield tag="300" ind1="#" ind2="#">
   <subfield code="a">730 tr. ;</subfield>
   <subfield code="c">27 cm.</subfield>
  </datafield>
  <datafield tag="650" ind1="#" ind2="#">
   <subfield code="a">Địa chất biển</subfield>
   <subfield code="z">Việt Nam.</subfield>
  </datafield>
  <datafield tag="651" ind1="#" ind2="#">
   <subfield code="a">Biển Đông.</subfield>
  </datafield>
  <datafield tag="710" ind1="#" ind2="#">
   <subfield code="a">Viện Địa chất và Địa vật lý biển.</subfield>
  </datafield>
  <datafield tag="923" ind1="#" ind2="#">
   <subfield code="a">01/2011MT</subfield>
  </datafield>
  <datafield tag="991" ind1="#" ind2="#">
   <subfield code="a">SH</subfield>
  </datafield>
  <datafield tag="992" ind1="#" ind2="#">
   <subfield code="a">0</subfield>
  </datafield>
  <datafield tag="994" ind1="#" ind2="#">
   <subfield code="a">KMT</subfield>
  </datafield>
  <datafield tag="998" ind1="#" ind2="#">
   <subfield code="a">KY</subfield>
  </datafield>
  <datafield tag="900" ind1="#" ind2="#">
   <subfield code="a">True</subfield>
  </datafield>
  <datafield tag="911" ind1="#" ind2="#">
   <subfield code="a">Đào Thị Thu Huyền</subfield>
  </datafield>
  <datafield tag="925" ind1="#" ind2="#">
   <subfield code="a">G</subfield>
  </datafield>
  <datafield tag="926" ind1="#" ind2="#">
   <subfield code="a">A</subfield>
  </datafield>
  <datafield tag="927" ind1="#" ind2="#">
   <subfield code="a">SH</subfield>
  </datafield>
  <datafield tag="980" ind1="#" ind2="#">
   <subfield code="a">Thư viện Trường Đại học Đà Lạt</subfield>
  </datafield>
 </record>
</collection>
